000 00745nas a2200229 i 4500
001 177298
003 ES-MaACL
005 20250721062646.0
008 110314d19031950sp w| | ||pa d
022 _a0211-7681
080 _a33
245 0 0 _aEspaña económica y financiera.
260 _aMadrid :
_b[España Económica y Financiera],
_c1903-1950.
300 _a34 v. ;
_c38 cm.
310 _aSemanal
362 0 _aAño 11, 2. época, n. 525 (mayo 1903)-año 53, n. 2680 (en. 1950)
650 0 7 _aEconomía
_2embne
_912006
780 0 0 _tLa Estafeta
852 1 _aBA
_jHem-58
866 0 _o1903-1908(1909-10)1911(1912f.n.1013y1033),1915(1916f.n.1243)1917-35(1936-39).(1942f.n.2265)(1943f.n.2356)(1944).
999 _c177298
_d177298